000 00562cam a2200193 4500500
005 20260405003141.0
041 _afre
042 _adc
100 1 0 _aTenaillon, Nicolas
_eauthor
245 0 0 _aL’Expulsion de l’autre
260 _c2020.
500 _a72
690 _aAutre
690 _aAutrui
690 _aByung-Chul Han
690 _aIdentité
786 0 _nPhilosophie magazine | 143 | 10 | 2020-10-01 | p. 66-66 | 1951-1787
856 4 1 _uhttps://shs.cairn.info/magazine-philosophie-magazine-2020-10-page-66?lang=fr&redirect-ssocas=7080
999 _c2064857
_d2064856